000 00356nam a2200133Ia 4500
008 221007s9999 xx 000 0 und d
020 _a5356
041 _aeng
082 _a659.1
100 _aClow K E & Baack D E
_996636
245 _aIntegrated Advertising, Promotion, and Marketing Communications
260 _bPrentice Hall
_aDelhi
906 _bGeneral
999 _c61058
_d61058